Highest Ranked Nations in Cricket by Continent - Statistics

General Stats
  • This quiz has been taken 14 times
  • The average score is 22 of 30
Answer Stats
Hint Ranking Answer % Correct
Asia 1 India
100%
Americas 16 United States
100%
Oceania 3 Australia
93%
Asia 9 Bangladesh
93%
Americas 19 Canada
93%
Europe 2 England
93%
Oceania 65 Fiji
93%
Europe 12 Ireland
93%
Oceania 4 New Zealand
93%
Asia 6 Pakistan
93%
Europe 14 Scotland
86%
Africa 5 South Africa
86%
Oceania 22 Papua New Guinea
79%
Oceania 66 Vanuatu
79%
Africa 11 Zimbabwe
79%
Asia 10 Afghanistan
71%
Americas 47 Argentina
71%
Europe 26 Italy
71%
Africa 33 Kenya
71%
Asia 8 Sri Lanka
71%
Americas 7 West Indies
71%
Africa 15 Namibia
64%
Europe 13 Netherlands
64%
Africa 34 Tanzania
50%
Africa 21 Uganda
43%
Asia 17 United Arab Emirates
43%
Americas 31 Bermuda
36%
Oceania 59 Cook Islands
29%
Europe 28 Jersey
29%
Americas 37 Cayman Islands
14%
No matching quizzes found
Score Distribution
Percent of People with Each Score
Percentile by Number Answered
Your Score History
You have not taken this quiz